000 00736nam a22002415i 4500
005 20241001113900.0
008 241001s2017 enk 000 0 eng d
020 _a9780414059382
_qpaperback
041 _aeng
245 0 0 _aJCT: Standard building sub-contract Guide 2016
_bSBCSub/G 2016
264 1 _aLondon :
_bThomson Reuters (Professional) UK Limited,
_c2016
264 4 _c©2016
300 _aii, 29 pages ;
_c30 cm
336 _atext
_2rdacontent
337 _aunmediated
_2rdamedia
338 _avolume
_2rdacarrier
490 _aJCT Contracts 2016
650 _aCONSTRUCTION CONTRACTS
651 _aUnited Kingdom
710 2 _aJoint Contracts Tribunal,
_eauthor.
942 _n0
999 _c122010
_d122010